<?xml version="1.0" encoding="UTF-8"?><?xml-stylesheet type="text/xsl" href="static/style.xsl"?><OAI-PMH xmlns="http://www.openarchives.org/OAI/2.0/" xmlns:xsi="http://www.w3.org/2001/XMLSchema-instance" xsi:schemaLocation="http://www.openarchives.org/OAI/2.0/ http://www.openarchives.org/OAI/2.0/OAI-PMH.xsd"><responseDate>2026-06-06T18:32:36Z</responseDate><request verb="GetRecord" identifier="oai:docta.ucm.es:20.500.14352/33428" metadataPrefix="marc">https://docta.ucm.es/rest/oai/request</request><GetRecord><record><header><identifier>oai:docta.ucm.es:20.500.14352/33428</identifier><datestamp>2023-08-04T00:16:04Z</datestamp><setSpec>com_20.500.14352_14</setSpec><setSpec>col_20.500.14352_15</setSpec></header><metadata><record xmlns="http://www.loc.gov/MARC21/slim" xmlns:dcterms="http://purl.org/dc/terms/" xmlns:xsi="http://www.w3.org/2001/XMLSchema-instance" xmlns:doc="http://www.lyncode.com/xoai" xsi:schemaLocation="http://www.loc.gov/MARC21/slim http://www.loc.gov/standards/marcxml/schema/MARC21slim.xsd">
   <leader>00925njm 22002777a 4500</leader>
   <datafield ind2=" " ind1=" " tag="042">
      <subfield code="a">dc</subfield>
   </datafield>
   <datafield ind2=" " ind1=" " tag="720">
      <subfield code="a">Ballesteros Carrasco, Begoña</subfield>
      <subfield code="e">author</subfield>
   </datafield>
   <datafield ind2=" " ind1=" " tag="260">
      <subfield code="c">2013</subfield>
   </datafield>
   <datafield ind2=" " ind1=" " tag="520">
      <subfield code="a">Las tecnologías de la información y de la comunicación (TIC) suelen asociarse a mejoras socioeconómicas y se han vinculado con la creación de empleo o con aumentos en la calidad y retribución del trabajo. Sin embargo a nivel macroeconómico llama la atención que mientras el proceso de digitalización aumenta, el empleo y los salarios están deteriorándose en términos generales. Se exploran, con datos referidos a la UE-15, algunos usos de estas tecnologías en relación con el paro y los salarios, en un contexto económico marcado por problemas crecientes de rentabilidad y por el auge de los mercados financieros.

[ABSTRACT] Information and communication technologies (ICT) are often related to economic and social improvements. They have been associated with job creation as well as increases in the quality of work and remuneration. However, at a macroeconomic level, it is noteworthy that while the digitization process increases, employment and wages are generally deteriorating. Referencing EU-15 data, this article explores some uses of these technologies in relation to unemployment and wages, within an economic context marked by increasing problems of profitability and by the rise of financial markets.</subfield>
   </datafield>
   <datafield ind1="8" ind2=" " tag="024">
      <subfield code="a">1699-2407</subfield>
   </datafield>
   <datafield ind1="8" ind2=" " tag="024">
      <subfield code="a">https://hdl.handle.net/20.500.14352/33428</subfield>
   </datafield>
   <datafield ind1="8" ind2=" " tag="024">
      <subfield code="a">http://dx.doi.org/10.3145/epi.2013.jul.05</subfield>
   </datafield>
   <datafield ind2="0" ind1="0" tag="245">
      <subfield code="a">Usos socioeconómicos de las TIC relacionados con el empleo en Europa</subfield>
   </datafield>
</record></metadata></record></GetRecord></OAI-PMH>